00651nam a2200157 a 450000100100000000500170001000800410002704000250006808200160009310000340010924500810014326000350022430000200025950000630027950001510034200001601720200929164235.0100223s199? dr 000 0 spa d aDO-SdBNPbspacBNPHU axxxxbV335a1 aVásquez y Vásquez, José13aEl anacronismo de un riguroso plan de clase /cJosé Vásquez y Vásquez. aSanto Domingo :b[s.n.],c199? a72 p. ;c16 cm. aIncluye datos biográficos del autor en la contracubierta a"El maestro dominicano es digno de admiración, puesto es humilde y laborioso como un vasallo; pero sabe pensar en grande como un señor feudal"